000 00660cam a22002053a 4500
001 40616
003 PGUSA
005 20140828083916.0
008 120829s2012||||xxu|||||s|||||000 | eng d
040 _aPGUSA
_beng
042 _adc
100 1 _aRadcliffe, John Nettin
245 1 0 _aFiends, Ghosts, and Sprites :
_bIncluding an Account of the Origin and Nature of Belief in the Supernatural
_h[electronic resource] /
_cJohn Nettin Radcliffe
260 _bProject Gutenberg,
_c2012
506 _aPublic domain in the USA.
516 _aElectronic text
830 0 _aProject Gutenberg
_v40616
856 4 0 _uhttp://www.gutenberg.org/ebooks/40616
942 _cEB
999 _c269869
_d269869